000 00497nam a2200181Ia 4500
001 10367
005 20260306161827.0
008 260306t1995||||xx |||||||||||||| ||spa||
041 _aESP
082 _a922
_bG69
100 _aTorre Reyes, Carlos de la (ed.)
_eAUT
245 0 _aGonzalez Suarez:
_bestudio introductorio y selección de textos de Carlos de la Torre Reyes
260 _c1995
300 _a358 páginas :
_c21 cm.
650 _aGEN
654 _aCHU
942 _cLIB
_dJUS
_fJUS
_2ddc
_n
999 _c10367
_d10367